000
00415nam a22001457a 4500
003
macl
005
20190323131624.0
008
190323b xxu||||| |||| 00| 0 eng d
040
_c
macl
082
_a
741.642
100
_a
प्रकाशन विभाग
_9
4825
245
_a
सरदार पटेल
260
_a
दिल्ली
_b
प्रकाशन विभाग
_c
2015
942
_2
ddc
_c
HIN
999
_c
59088
_d
59088